| 000 | 01028 a2200265 4500 | ||
|---|---|---|---|
| 001 | 29683 | ||
| 005 | 20260407155607.0 | ||
| 008 | 260407a2003 arg spa d | ||
| 003 | AR-UNSa-BCEJYS | ||
| 040 |
_aAR-UNSa-BCEJYS _bspa _cAR-UNSa-BCEJYS |
||
| 080 |
_a351.824.11 _xServicios públicos (producción de luz, calor, energía mecánica. Industria eléctrica. Industria del gas) |
||
| 245 | 1 | 0 | _aLa regulación provincial de los servicios públicos en Argentina |
| 020 | _a987-1076-26-6 | ||
| 264 | 1 |
_aBuenos Aires : _bEdiciones Cooperativas _c2003 |
|
| 300 |
_a149 p. _c20 cm. |
||
| 505 | _a1. Marco Legal - 2. Aspectos particulares | ||
| 041 | _aspa | ||
| 942 | _cBK | ||
| 590 | _aniveau_biblio:m niveau_hierar:0 | ||
| 100 | 1 | _aHerrero, Félix | |
| 700 | 1 | _aCastillo, Marcelo Fabián | |
| 700 | 1 | _aSalvarregui, Juan | |
| 700 | 1 | _aSalvioli, Pablo | |
| 856 | 4 | 1 |
_uhttps://biblioeco.unsa.edu.ar/pmb/images/libros/La Regulaci?n Provincial de los Servicios P?blicos en Argentina-l86704.jpg _yImagen de portada _qimage/jpeg |
| 999 |
_c1939 _d1939 |
||